000 00551nam a2200181Ia 4500
005 20250923144646.0
008 008 250917s9999 xx 000 0 eng d
037 _aTextual
040 _aDSWL
_beng
_cDSWL
041 _aeng
_2eng
084 _aYX;52d.N53, N59;1
_qDSWL
245 0 _aC.S.W.B. circulous, August 1953 to March 1958
_cby Central Social Welfae Board
260 _aNew Delhi
_bC.S.W.B.
_c1959
300 _ax,447 to 710, iiip.
490 _vVol. II
942 _cTEXL
_hYX;52d.N53, N59;1
999 _c1441717
_d1441717